=LDR 00000nam 2200000 4500 =001 INLIS000000000002160 =005 20130612090523 =008 ***********************************Ind** =035 ##$$0010-061300000002160 =041 ##$$a Ind =082 ##$$a 959.811 =090 ##$$a 959.811, Vee p =100 ##$$a Veer,Paul van T =245 ##$$a Perang Aceh, kisah kegagalan Snock Hugrounye, Paul van T veer =260 ##$$a 1985 $b Jakarta =300 ##$$a 270 hlm, ilus, 21 cm =650 ##$$a Aceh =650 ##$$a Sejarah =850 ##$$a NBPNMAT =990 ##$$a 02090209